000 01198nam a2200325 i 4500
001 bg
100 1 _aEINSTEIN, Albert
_d(1879-1955)
245 1 0 _a5 prac, które zmieniły oblicze fizyki /
_cAlbert Einstein ; przedm. Roger Penrose, wstęp i koment. John Stachel, wspólpr. Trevor Lipscombe, Alice Calaprice i Sam Elworthy ; przeł. Piotr Amsterdamski.
260 _aWarszawa :
_bWydawnictwa Uniwersytetu Warszawskiego,
_c[2005].
300 _a192 s. ;
_c22 cm.
490 1 _aBiblioteka Klasyków Nauki
504 _aIndeks.
650 9 _aFizyka
_xteoria
_y20 w.
650 9 _aFizyka
_xhistoria
_y20 w.
700 1 _aAMSTERDAMSKI, Piotr
_d(1955-2008).
_eTł.
700 1 _aPENROSE, Roger.
_eOprac.
700 1 _aSTACHEL, John.
_eOprac.
700 1 _aLIPSCOMBE, Trevor.
_eOprac.
700 1 _aCALAPRICE, Alice.
_eOprac.
700 1 _aELWORTHY, Sam.
_eOprac.
830 _aBiblioteka Klasyków Nauki
020 _a8323501262
040 _cBPK
041 1 _apol
_heng
080 _a53(430)"19"
920 _a83-235-0126-2
942 _cKS
008 s pl f |000 0 pol
999 _c46246
_d46246
856 _uhttp://koha.tu.koszalin.pl/cgi-bin/koha/opac-detail.pl?biblionumber=46246
_yKatalog online BPK